MARC보기
LDR01656nmm c2200433 c 4500
001000000341720
00520260506162654
007cr zz
008260220s2026 ulk d a kor
020 ▼a 9788932475905(전자책) ▼g 05850 : ▼c \16200
020 ▼a 9788932475875(종이책) ▼g 04850
0201 ▼a 9788932403304(종이책 세트)
040 ▼a 248032 ▼c 248032 ▼d 248032
0411 ▼a kor ▼h ger
0490 ▼l EE37564
056 ▼a 853 ▼2 4
082 ▼a 833.8 ▼2 21
090 ▼a 853 ▼b 자94ㅁ
24500 ▼a 모피를 입은 비너스 ▼h [전자책] / ▼d 레오폴트 폰 자허마조흐 지음 ; ▼e 김재혁 옮김
24619 ▼a Gesammelte Werke: Romane + Novellen + Autobiografie
24619 ▼a Venus im Pelz
256 ▼a 전자 데이터
260 ▼a 서울 : ▼b 을유문화사, ▼c 2026 : ▼f (교보문고, ▼g 2026)
300 ▼a 전자책 1책 : ▼b 천연색
44000 ▼a 을유세계문학전집 ; ▼v 146
500 ▼a 레오폴트 폰 자허마조흐 연보 수록
500 ▼a 원저자명: Leopold von Sacher-Masoch
516 ▼a ePUB
530 ▼a 책자형태로 간행: ISBN 9788932475875
534 ▼p 원본출판사항: ▼c 서울 : 을유문화사, 2025, ▼z 9788932475875
538 ▼a 시스템 조건: 해상도 1024*768
653 ▼a 독일문학 ▼a 독일소설 ▼a 오스트리아소설
7001 ▼a 자허마조흐, 레오폴트 폰, ▼d 1835-1895
7001 ▼a Sacher-Masoch, Leopold, ▼c Ritter von, ▼d 1835-1895
7001 ▼a 김재혁
7760 ▼t 모피를 입은 비너스, ▼z 9788932475875
85640 ▼u https://ebook.kaya.ac.kr:444/elibrary-front/frontapi/mmbrLnkg.ink?libraryCode=20987&barcode=4808932475875
9500 ▼b \16200
953 ▼a E-Book
990 ▼a 관리자